| 000 | 00600nam a2200205 a 4500 | ||
|---|---|---|---|
| 005 | 20210219153359.0 | ||
| 008 | 991125n 000 0 spa u | ||
| 035 | _aUPN01000095302 | ||
| 100 | _aWEINERT, F. E. | ||
| 222 | _aEDUCACION : COLECCION SEMESTRAL DE APORTACIONES ALEMANAS RECIENTES EN LAS CIENCIAS PEDAGOGICAS | ||
| 245 | _a¿Puede adquirirse la inteligencia mediante aprendizaje? | ||
| 260 | _aALEMANIA | ||
| 300 | _a116-124 | ||
| 362 | _a1972 Vol. 6 | ||
| 653 | 0 | _aAPRENDIZAJE | |
| 653 | 0 | _aINTELIGENCIA | |
| 653 | 0 | _aMEDIO AMBIENTE | |
| 904 |
_aAC _b033113 |
||
| 905 | _aArticulo | ||
| 999 |
_c75447 _d75447 |
||